Countries with the Most Expensive Parking (2 Hours) - Statistics

General Stats
  • This quiz has been taken 32 times
  • The average score is 7 of 10
Answer Stats
Price Countries % Correct
$10.30 United States
100%
$5.79 Canada
87%
$6.96 Japan
87%
$16.37 Australia
81%
$6.49 South Korea
77%
$6.95 New Zealand
74%
$6.36 Norway
65%
$5.79 Austria
58%
$5.91 Netherlands
52%
$6.40 Greece
26%
No matching quizzes found
Score Distribution
Percent of People with Each Score
Percentile by Number Answered
Your Score History
You have not taken this quiz